000 00596nam a22002177a 4500
001 00028892
005 20260425090610.0
008 260425b ag ||||| |||| 00| 0 spa d
020 _a8441307474
040 _aAR-CcCEOS
_bspa
_cAR-CcCEOS
041 _aspa
080 _a94:262.130
090 _bHIB v.1
100 1 _aHibbert, Christopher,
_d1924-2008
_91123
245 _aLos papas :
_bVolumen II /
_cChristopher Hibbert
264 _aBarcelona :
_bFolio,
_c1997.
300 _a80 p. ;
_c24x18 cm.
490 _vAtlas culturales del mundo
655 0 _aarte
_9138
942 _2udc
_cBK
_n0
999 _c28936
_d28936